000 00592nam a2200193Ia 4500
003 IN-BaIIA
008 211028s9999 xx 000 0 eng d
020 _a0-563-17091-3
040 _cIIA Library
080 _a52
_bCAL
100 _aCalder, Nigel
_93807
245 4 _aThe key to the universe
_ba report on the new physics
_cNigel Calder
260 _aLondon
_bBritish Broadcasting Corporation
_c1977
300 _a196p.
650 _aAstronomy
_980
650 _aAstronomy and astrophysics thesaurus
650 _aUniverse
_91987
942 _cBK
999 _c5657
_d5657